Taking Responsibility for Tourism (Record no. 1679908)

MARC details
000 -LEADER
fixed length control field 00299 a2200121 4500
000 - LEADER
fixed length control field nam a22 7a 4500
005 - DATE AND TIME OF LATEST TRANSACTION
control field 20260218043257.0
020 ## - INTERNATIONAL STANDARD BOOK NUMBER
International Standard Book Number 9781906884390
100 ## - MAIN ENTRY--PERSONAL NAME
Personal name Goodwin, Harold
9 (RLIN) 1116112
245 ## - TITLE STATEMENT
Title Taking Responsibility for Tourism
260 ## - PUBLICATION, DISTRIBUTION, ETC.
Name of publisher, distributor, etc. Goodfellow
Date of publication, distribution, etc. 2011
942 ## - ADDED ENTRY ELEMENTS (KOHA)
Koha item type Textbook

No items available.

Copyright @ Delhi University Library System